000 00650nam a22002417a 4500
001 72398
003 UA-OsUOA
005 20211023215759.0
007 ta
008 20110116b un ||||| |||| 00| 0 ukr d
020 _a978-94829-025-6
040 _aUA-OsUOA
_brus
_cUA-OsUOA
_dUA-OsUOA
041 _arus
080 _a94(470+571)
090 _a94(470+571)
_bС60
100 _aСолженицын А.
245 _aРазмышления над Февральской революцией
260 _aМ.
_bРоссийская газета
_c2007
300 _a96 с.
650 7 _a94 Історія
_2UDC
942 _cBK
_2udc
955 _a2
999 _c358680
_d358680